[Event "Poti op 13th"]
[Site "Poti"]
[Date "2018.07.17"]
[Round "6"]
[White "Vakhania, Alexandra"]
[Black "Matsenko, Vadim"]
[Result "1-0"]
[WhiteElo "2182"]
[BlackElo "2106"]
[PlyCount "68"]
[EventDate "2018.07.13"]
[EventType "swiss"]
[EventRounds "9"]
[EventCountry "GEO"]
[SourceTitle "CBM 185 Extra"]
[Source "ChessBase"]
[SourceDate "2018.07.29"]
[SourceVersion "1"]
[SourceVersionDate "2018.07.29"]
[SourceQuality "1"]

1. d4 Nf6 2. Nf3 e6 3. g3 b6 4. Bg2 Bb7 5. 0-0 c5 6. dxc5 Bxc5 7. c4 0-0 8. Nc3 Ne4 9. Qc2 Nxc3 10. Qxc3 a5 11. Bf4 f6 12. Rfd1 e5 13. Be3 Na6 14. a3 Qc7 15. Bxc5 Nxc5 16. b4 axb4 17. axb4 Rxa1 18. Rxa1 Ne4 19. Qb3 Kh8 20. Ra7 Ra8 21. Qa4 Rxa7 22. Qxa7 Nd6 23. Nd2 Qc8 24. Qxb6 Bxg2 25. Kxg2 Qc6+ 26. Qxc6 dxc6 27. f4 Kg8 28. fxe5 fxe5 29. c5 Nf5 30. Nc4 e4 31. Ne5 Ne7 32. Kf2 g6 33. Ke3 Nd5+ 34. Kxe4 Nxb4 1-0

[Event "Poti op 13th"]
[Site "Poti"]
[Date "2018.07.16"]
[Round "5"]
[White "Gharagyozyan, Artur"]
[Black "Matsenko, Vadim"]
[Result "1-0"]
[WhiteElo "2302"]
[BlackElo "2106"]
[PlyCount "107"]
[EventDate "2018.07.13"]
[EventType "swiss"]
[EventRounds "9"]
[EventCountry "GEO"]
[SourceTitle "CBM 185 Extra"]
[Source "ChessBase"]
[SourceDate "2018.07.29"]
[SourceVersion "1"]
[SourceVersionDate "2018.07.29"]
[SourceQuality "1"]

1. e4 c5 2. Nc3 Nc6 3. Nf3 d6 4. d4 cxd4 5. Nxd4 Nf6 6. g3 e5 7. Nde2 Be6 8. Bg2 Be7 9. 0-0 0-0 10. Nd5 Rc8 11. h3 Nd7 12. c3 f5 13. exf5 Bxf5 14. Nxe7+ Qxe7 15. Qb3+ Be6 16. Qxb7 d5 17. b4 Qd6 18. Qa6 Ndb8 19. Qd3 Ne7 20. Be3 d4 21. cxd4 Bc4 22. Qd2 exd4 23. Qxd4 Qxd4 24. Nxd4 Bxf1 25. Rxf1 a6 26. a4 Rc4 27. Rb1 a5 28. bxa5 Rxa4 29. Ne6 Re8 30. Bb6 Kf7 31. Re1 h6 32. Nd8+ Kf8 33. Ne6+ Kf7 34. Nc5 Ra3 35. Nb7 Rd3 36. Bf1 Rd7 37. Bc4+ Kf8 38. Nc5 Rc8 39. Nxd7+ Nxd7 40. Be6 Nxb6 41. Bxc8 Nbxc8 42. a6 Nc6 43. Rb1 Kf7 44. g4 g6 45. Rb7+ Kf6 46. Rc7 N8a7 47. f4 h5 48. Kg2 hxg4 49. hxg4 Ke6 50. Kg3 Kd6 51. Rb7 Nc8 52. Kh4 Ke6 53. Kg5 Na5 54. a7 1-0

[Event "Cheliabinsk Kibizov Memorial 8th"]
[Site "Cheliabinsk"]
[Date "2013.06.30"]
[Round "9"]
[White "Matsenko, Vadim"]
[Black "Matsenko, Elena"]
[Result "0-1"]
[WhiteElo "2160"]
[BlackElo "1966"]
[PlyCount "74"]
[EventDate "2013.06.22"]
[EventType "swiss"]
[EventRounds "9"]
[EventCountry "RUS"]
[SourceTitle "EXT 2014"]
[Source "ChessBase"]
[SourceDate "2013.11.20"]
[SourceVersion "1"]
[SourceVersionDate "2013.11.20"]
[SourceQuality "1"]

1. e4 c5 2. Nf3 Nc6 3. d4 cxd4 4. Nxd4 Qc7 5. c4 Qe5 6. Nxc6 Qxe4+ 7. Qe2 Qxe2+ 8. Bxe2 bxc6 9. Nc3 Nf6 10. Bg5 e6 11. Bxf6 gxf6 12. 0-0-0 Bh6+ 13. Kb1 Ke7 14. Ne4 d5 15. cxd5 cxd5 16. Ng3 f5 17. Rd3 Ba6 18. Rb3 Bxe2 19. Nxe2 Rab8 20. Rxb8 Rxb8 21. Nd4 Rb6 22. a4 Bg7 23. Rd1 Bxd4 24. Rxd4 Kd6 25. b4 e5 26. Rh4 f6 27. Rxh7 Rxb4+ 28. Kc2 Rxa4 29. h4 Ra2+ 30. Kd3 Rxf2 31. h5 Rxg2 32. Rxa7 Rh2 33. Rh7 f4 34. h6 Ke6 35. Rh8 Kf5 36. h7 f3 37. Ke3 e4 0-1

[Event "Cheliabinsk Kibizov Memorial 8th"]
[Site "Cheliabinsk"]
[Date "2013.06.28"]
[Round "7"]
[White "Gubaydullin, Artur"]
[Black "Matsenko, Vadim"]
[Result "0-1"]
[WhiteElo "1813"]
[BlackElo "2160"]
[PlyCount "78"]
[EventDate "2013.06.22"]
[EventType "swiss"]
[EventRounds "9"]
[EventCountry "RUS"]
[SourceTitle "EXT 2014"]
[Source "ChessBase"]
[SourceDate "2013.11.20"]
[SourceVersion "1"]
[SourceVersionDate "2013.11.20"]
[SourceQuality "1"]

1. d4 Nf6 2. c4 e6 3. Nc3 d5 4. Bg5 Nbd7 5. e3 c6 6. Nf3 Qa5 7. a3 Ne4 8. Qc2 Bb4 9. Rc1 Bxc3+ 10. bxc3 Nxg5 11. Nxg5 dxc4 12. Ne4 Qxa3 13. Bxc4 Qe7 14. 0-0 0-0 15. Bd3 h6 16. f4 c5 17. c4 f5 18. Ng3 Nf6 19. Qc3 Bd7 20. Rb1 b6 21. Bc2 Rad8 22. Qa3 Bc6 23. Rfd1 Rd7 24. Qc3 Rfd8 25. h3 Ne4 26. Nxe4 Bxe4 27. Bxe4 fxe4 28. Rd2 cxd4 29. exd4 Qf6 30. Rbd1 Qxf4 31. Rf2 Qc7 32. Re2 e5 33. Rxe4 Rxd4 34. Rexd4 Rxd4 35. Rxd4 exd4 36. Qxd4 Qc5 37. Qxc5 bxc5 38. Kf2 Kf7 39. Ke3 Ke6 0-1

[Event "Cheliabinsk Kibizov Memorial 8th"]
[Site "Cheliabinsk"]
[Date "2013.06.23"]
[Round "2"]
[White "Matsenko, Vadim"]
[Black "Khafizov, Radik"]
[Result "1-0"]
[WhiteElo "2160"]
[BlackElo "1665"]
[PlyCount "69"]
[EventDate "2013.06.22"]
[EventType "swiss"]
[EventRounds "9"]
[EventCountry "RUS"]
[SourceTitle "EXT 2014"]
[Source "ChessBase"]
[SourceDate "2013.11.20"]
[SourceVersion "1"]
[SourceVersionDate "2013.11.20"]
[SourceQuality "1"]

1. e4 e5 2. Nf3 Nc6 3. Bb5 Nd4 4. Bc4 b5 5. Bd3 Nxf3+ 6. Qxf3 a6 7. Nc3 c6 8. Qg3 Qf6 9. b3 Bc5 10. Bb2 Bd4 11. a4 b4 12. Nd1 Bxb2 13. Nxb2 d5 14. 0-0 Ne7 15. Rae1 0-0 16. exd5 e4 17. Rxe4 cxd5 18. Re5 Nc6 19. Rh5 g6 20. Nd1 Ne7 21. Re5 Nf5 22. Bxf5 Bxf5 23. Ne3 Be6 24. d4 Rfc8 25. f4 Kf8 26. f5 gxf5 27. Nxf5 Rc3 28. Rxe6 Qxe6 29. Qg7+ Ke8 30. Qg8+ Kd7 31. Qxa8 Rxc2 32. Qb7+ Kd8 33. Qxb4 Qe4 34. Qd6+ Kc8 35. Ne7+ 1-0

[Event "Cheliabinsk-ch"]
[Site "Cheliabinsk"]
[Date "2011.01.22"]
[Round "6"]
[White "Matsenko, Vadim"]
[Black "Fesenko, Vitaly"]
[Result "1/2-1/2"]
[WhiteElo "2134"]
[BlackElo "2219"]
[PlyCount "24"]
[EventDate "2011.01.13"]
[EventType "swiss"]
[EventRounds "9"]
[EventCountry "RUS"]
[SourceTitle "EXT 2012"]
[Source "ChessBase"]
[SourceDate "2011.11.24"]
[SourceVersion "1"]
[SourceVersionDate "2011.11.24"]
[SourceQuality "1"]

1. e4 e5 2. Nf3 Nc6 3. Bb5 a6 4. Ba4 Nf6 5. 0-0 b5 6. Bb3 Bc5 7. c3 d6 8. d4 Bb6 9. dxe5 Nxe5 10. Nxe5 dxe5 11. Qxd8+ Kxd8 12. Rd1+ Ke7 1/2-1/2

[Event "Cheliabinsk Postovalov Memorial 5th"]
[Site "Cheliabinsk"]
[Date "2011.01.08"]
[Round "6"]
[White "Frolov, Ivan"]
[Black "Matsenko, Vadim"]
[Result "0-1"]
[WhiteElo "2202"]
[BlackElo "2134"]
[PlyCount "54"]
[EventDate "2011.01.06"]
[EventType "swiss"]
[EventRounds "9"]
[EventCountry "RUS"]
[SourceTitle "CBM 140 Extra"]
[Source "ChessBase"]
[SourceDate "2011.03.01"]
[SourceVersion "1"]
[SourceVersionDate "2011.03.01"]
[SourceQuality "1"]

1. b4 e5 2. Bb2 d6 3. e3 Nf6 4. Be2 Be7 5. c4 0-0 6. Nf3 e4 7. Nd4 c5 8. bxc5 dxc5 9. Nb3 Nc6 10. d4 exd3 11. Qxd3 Qxd3 12. Bxd3 Nb4 13. Ke2 Nxd3 14. Kxd3 Bf5+ 15. Ke2 Rfd8 16. Rc1 Bd3+ 17. Ke1 Ne4 18. N1d2 Nxd2 19. Nxd2 Rd6 20. a4 Rb6 21. Be5 Re6 22. Ra3 Rd8 23. Nf3 Be4 24. Bc7 Rd7 25. Bb8 Rd8 26. Bg3 Bf6 27. Rd1 Rb6 0-1

[Event "Cheliabinsk Victory Cup"]
[Site "Cheliabinsk"]
[Date "2010.05.03"]
[Round "4"]
[White "Denisov, Dmitry"]
[Black "Matsenko, Vadim"]
[Result "0-1"]
[WhiteElo "1752"]
[BlackElo "2119"]
[PlyCount "77"]
[EventDate "2010.04.30"]
[EventType "swiss"]
[EventRounds "9"]
[EventCountry "RUS"]
[SourceTitle "EXT 2011"]
[Source "ChessBase"]
[SourceDate "2010.11.26"]
[SourceVersion "1"]
[SourceVersionDate "2010.11.26"]
[SourceQuality "1"]

1. c4 Nf6 2. Nc3 e5 3. Nf3 Nc6 4. e4 Be7 5. d4 exd4 6. Nxd4 d6 7. Be2 0-0 8. 0-0 Nxd4 9. Qxd4 Re8 10. f3 Bd7 11. Nd5 Nxd5 12. cxd5 f5 13. Qb4 fxe4 14. fxe4 Bf6 15. Bd3 Be5 16. Bf4 a5 17. Qd2 Qf6 18. Bxe5 Qxe5 19. Qc3 Qxc3 20. bxc3 Re5 21. Rab1 b6 22. Rf4 Be8 23. Rbf1 Bg6 24. g4 h6 25. h4 Rae8 26. Re1 Bh7 27. h5 g5 28. hxg6 Bxg6 29. Kf2 Kg7 30. Ke3 Rxd5 31. Ref1 Rde5 32. Kd4 R8e7 33. R1f3 c5+ 34. Kc4 Bf7+ 35. Rxf7+ Rxf7 36. Rxf7+ Kxf7 37. Kb5 Kf6 38. Kxb6 Kg5 39. Kxa5 0-1

[Event "Cheliabinsk Victory Cup"]
[Site "Cheliabinsk"]
[Date "2010.05.02"]
[Round "3"]
[White "Matsenko, Vadim"]
[Black "Ramzaitsev, Nikolai"]
[Result "1-0"]
[WhiteElo "2119"]
[BlackElo "1743"]
[PlyCount "63"]
[EventDate "2010.04.30"]
[EventType "swiss"]
[EventRounds "9"]
[EventCountry "RUS"]
[SourceTitle "EXT 2011"]
[Source "ChessBase"]
[SourceDate "2010.11.26"]
[SourceVersion "1"]
[SourceVersionDate "2010.11.26"]
[SourceQuality "1"]

1. e4 c5 2. Nf3 g6 3. d4 Bg7 4. c3 cxd4 5. cxd4 Nf6 6. Nc3 d6 7. Bc4 0-0 8. 0-0 a6 9. a4 Bg4 10. h3 Bxf3 11. Qxf3 Qc7 12. Ba2 Nbd7 13. Be3 e5 14. Rac1 Qa5 15. Rfd1 Rac8 16. Qe2 Rxc3 17. bxc3 Qxa4 18. f3 b5 19. Ra1 Nb6 20. Bd5 Nfxd5 21. Rxa4 Nxc3 22. Qd3 Nxd1 23. Rxa6 Nxe3 24. Rxb6 exd4 25. Rxb5 Rc8 26. f4 Rc1+ 27. Kf2 Rc2+ 28. Kf3 Bf6 29. e5 dxe5 30. fxe5 Bg5 31. Rb8+ Kg7 32. Qxd4 1-0